000 01329nab a2200265 4500
003 AR-RoBPED
005 20260429093914.0
008 260429b |||||||| |||| 00| 0 spa d
040 _aAR-RoBPED
041 _aspa
100 1 _aAjata Marca, Olivia
_930834
_eProfesora de Matemática
245 _aSecuencia didáctica para la enseñanza de la matemática en el plurigrado /
260 _aBuenos Aires :
_bNoveduc,
_c2023
300 _a2-7 p.
500 _aSe presenta una experiencia de capacitación desarrollada en la provincia de San Luis. La misma estuvo dirigida a docentes de todos los niveles educativos de la provincia. En esta línea, se elaboró una propuesta de enseñanza para el plurigrado a partir de un relato docente de un referente rural y en Educación Matemática Realista.
650 0 _aPROPUESTA DIDÁCTICA
_922005
650 7 _aACTIVIDADES DE APRENDIZAJE
_9783
650 7 _aDOCENTES EN PRACTICA
_95390
650 7 _aENSEÑANZA DE LAS MATEMATICAS
_9818
650 7 _aEXPERIENCIA PEDAGOGICA
_93265
700 1 _aRodríguez, María Marta
_930836
_eLicenciada en Enseñanza de las Ciencias
773 0 _020414
_940098
_dBuenos Aires : Noveduc, 1993-
_tNovedades Educativas
_w(AR-RoBPED)20414
_x03283534
942 _2udc
_cREV
_h37(05)
_mNov 86 N° 393 (Dic. 2023)
_ak.32664
945 _amar 04/2026
999 _c32664
_d32664